00581nam a2200181Ia 450000500170000000800410001702000150005808200130007324500980008626000280018430000170021265000230022965000110025270000220026394200060028595200950029199900130038620240722014804.0240331s9999 xx 000 0 und d a0415129818 a209bMOD 0aModelling early christianity :bsocial scientific studies of the new testsment in it's contex aLondonbRoutledgec1995 axv, 349 p ., aChristian Theology aSocial aEsler, P.F. eedt cL 001040708LaWERCLbWERCLcSSCd2024-03-31l0o 209 MODp5199r2024-03-31w2024-03-31yL c813d813